Основи на спортната метрология (Запис номер 159195)
[ съкратено ]
| 000 -Лидер | |
|---|---|
| Контролно поле с фиксирана дължина | nam a22 a 4500 |
| 003 - Код на организацията, давaща контролен номер | |
| Контролно поле | BLK |
| 005 - Дата и час на последна редакция | |
| Контролно поле | 20220329093220.0 |
| 008 - Елементи от данни с фиксирана дължина | |
| fixed length control field | 180410b bul|||||r ||||||| ||bul|| |
| 010 ## - Наследен системен номер | |
| LC control number | KNG00166264000 |
| 040 ## - Източник на каталожния запис | |
| Идентификатор на билиотеката - собственик на записа | BLK |
| 041 ## - Код за език | |
| Код за езика на текст/звукозапис или на отделно заглавие | Български |
| Код за езика КДБФ | Български |
| 080 ## - УДК | |
| Текстов определител УДК | Метрология. Измерителни апарати (мерки и теглилки) |
| УДК код - определител по УДК | 006.91 |
| УДК определител | :796/799 |
| УДК - код + определител | 006.91:796/799 |
| 100 1# - Редна дума - Автор | |
| Автор | Зациорски, Владимир Михайлович |
| Авторска отговорност | първи автор |
| R(LIN) | 69420 |
| 139 ## - Редно поле | |
| Редна дума | Зациорски, Владимир Михайлович |
| Авторски знак | Захо - З 41 |
| 245 10 - Сведения за заглавието | |
| Заглавие | Основи на спортната метрология |
| Подзаглавни данни | Изследване |
| Редно поле (дума) | Владимир Михайлович Зациорски ; прев. от рус. Лиляна Иванова Петкова; с предг. от И. Илиев. |
| 257 ## - Страна на издаване | |
| Страна на създаване/издаване | СССР |
| 260 ## - Област на издателските данни | |
| Име на издателя, разпространителя и проч. | Медицина и физкултура |
| Година на издаване | 1982 |
| Печатница | (Пловдив : Д. Благоев) |
| Място на издаване, разпространение и проч. | София |
| 300 ## - Физическа характеристика | |
| Страници | 183 с. |
| Илюстрации и др. | с табл., диагр. |
| Размери/Мащаб | 20 см |
| 380 ## - Жанр | |
| Жанр | Общ отдел |
| 500 ## - Общи забележки | |
| Забележка | Ориг. загл. Основы спортивной метрологии. - 1 415 тир. |
| 650 #4 - Допълнително описание по предмет – тема | |
| Основно описание – тема или топоним | Спорт - теория и методи на изследване |
| 9 (RLIN) | 321342 |
| 653 ## - Ключова дума – ненормативна | |
| Ключова дума | спорт |
| 653 ## - Ключова дума – ненормативна | |
| Ключова дума | методи за изследване |
| 700 1# - Други автори (авторска отговорност) | |
| Лично име | Петкова, Лиляна Иванова |
| Автороска отговорност (Описва отношението между автора и произведението) | прев. от рус. |
| 9 (RLIN) | 381034 |
| 700 1# - Други автори (авторска отговорност) | |
| Лично име | Илиев, И. |
| Автороска отговорност (Описва отношението между автора и произведението) | с предг. от |
| 9 (RLIN) | 334398 |
| 852 ## - Местоположение | |
| Форматна сигнатура | Цб 114646 |
| Фондова буква | Хранилище |
| 999 ## - СИСТЕМНИ КОНТРОЛНИ НОМЕРА | |
| Koha biblionumber | 159195 |
| Koha biblioitemnumber | 159195 |
| 942 ## - АРТИКУЛИ | |
| Вид на библиотечния материал | Книги |
| Скрит в OPAC | Не |
| Периодичен библиозапис | Да |
| 944 ## - СЪЗДАВАНЕ И РЕДАКЦИЯ на ЗАПИСА | |
| Създаване/Редакция | Създаване |
| Дата на регистрацията/редакция | 17.10.2014 |
| Статус, дата на статуса | 17.10.2014 - от С1,Р / 17.10.2014 |
| Служител, извършил регистрацията/редакцията | Кина_Георгиева |
| 944 ## - СЪЗДАВАНЕ И РЕДАКЦИЯ на ЗАПИСА | |
| Създаване/Редакция | Редакция |
| Дата на регистрацията/редакция | 2022-03-29 |
| Статус, дата на статуса | 2022-03-29 |
| Код за отписване | Код за изгубен артикул | Източник на класификационната схема | Код за повреда | Коз за рестрикции | Код за отдаване | Артикулен № | Име на библиотеката - собственик | Име на библиотеката, в която се намира в момента | Статус (Текущо местоположение) | Дата на вписване в системата | Местоположение - отдел | Цена в лева | Инвентарен номер | Систематично азбучна сигнатура | Баркод | Номер на екземпляра | Цена в евро | Служебна бележка | Служебен тип на артикула |
|---|---|---|---|---|---|---|---|---|---|---|---|---|---|---|---|---|---|---|---|
| Не е изгубен | Universal Decimal Classification | Не е повреден | само за читалня | ползва се в читалня | 265978 | Регионална библиотека "Любен Каравелов" Русе | Регионална библиотека "Любен Каравелов" Русе | Хранилище | 1982-01-01 | Хранилище | 1.22 | 353239 | Цб 114646 | 120000353239 | 1 | 0.62 | N: стар фонд Дата: 01.01.1982 | Книги | |
| Не е изгубен | Universal Decimal Classification | Не е повреден | без рестрикции | заемане за дома | 265979 | Регионална библиотека "Любен Каравелов" Русе | Регионална библиотека "Любен Каравелов" Русе | Заемна - подръчен фонд | 1982-01-01 | Заемна - подръчен фонд | 1.22 | 353888 | П 006.91/З 41 | 120000353888 | 2 | 0.62 | N: стар фонд Дата: 01.01.1982 Дата инв: 05.02.2018 Бележки инв: П2018 | Книги |